| 000 | 00827nam a2200181Ia 4500 | ||
|---|---|---|---|
| 008 | 090124s9999 xx 000 0 und d | ||
| 082 |
_b24417 _a1513 |
||
| 100 | _aघाणेकर कां. का. (घाणेकर कांचन काशिनाथ) | ||
| 245 | _a शेअर बाजार : तंत्र आणि मंत्र | ||
| 250 | _a2 | ||
| 260 | _c1984 | ||
| 300 | _a134 | ||
| 600 | _aघाणेकर कां. का. (घाणेकर कांचन काशिनाथ) | ||
| 630 | _a शेअर बाजार : तंत्र आणि मंत्र | ||
| 700 | _aघाणेकर कां. का. (घाणेकर कांचन काशिनाथ) | ||
| 730 | _a शेअर बाजार : तंत्र आणि मंत्र | ||
| 942 | _cBOOK | ||
| 999 |
_c137977 _d137977 |
||